Intergenerational relationships and elderly care in China: a global perspective /
Basado en la evaluación de literatura reciente, los conflictos de valor/práctica más importantes hacia la del cuidado de ancianos en China son analizados semejanza y diferencias en las prácticas verdaderas con valores tradicionales son presentadas los nuevos valores surgidos en las relaciones entre...
保存先:
| 第一著者: | |
|---|---|
| その他の著者: | |
| フォーマット: | テキスト |
| 主題: | |
| タグ: |
タグ追加
タグなし, このレコードへの初めてのタグを付けませんか!
|
MARC
| LEADER | 00000 a a2200000 04500 | ||
|---|---|---|---|
| 001 | 4741 | ||
| 003 | |||
| 040 | |||
| 100 | |a Sheng, Xuewen | ||
| 245 | |a Intergenerational relationships and elderly care in China: |b a global perspective / |c Xuewen Sheng ; Barbara H. Settles | ||
| 500 | |a Resumen también en francés y español en páginas 348-349 | ||
| 520 | |a Basado en la evaluación de literatura reciente, los conflictos de valor/práctica más importantes hacia la del cuidado de ancianos en China son analizados semejanza y diferencias en las prácticas verdaderas con valores tradicionales son presentadas los nuevos valores surgidos en las relaciones entre generaciones son discutidos, más las sustentaciones teóricas de interdependencia son revisadas | ||
| 650 | |a FAMILIA | ||
| 650 | |a ENVEJECIMIENTO DE LA POBLACION | ||
| 650 | |a GENERACIONES | ||
| 650 | |a CHINA | ||
| 700 | |a Settles, Barbara H. | ||
| 773 | |g volumen 54, número 2 monogr; páginas 293-313 | ||
| 999 | |c 40256 |d 40256 | ||
